Statistics for Disney Channel Quiz

Click here to take the quiz!

General Stats

  • This quiz has been taken 144 times
  • The average score is 10 of 15

Answer Stats

questionAnswer% Correct
Austin and ___Ally
96%
What is Livs twins nameMaddie
91%
What show does Zendaya star in pretending to be a under cover spy?Kc undercover
90%
How many kids does raven have in the future?2
89%
Wizards Of _______ PlaceWaverly
89%
Which child from jessie picked jessie up from the streetsZuri
84%
Which charcater from jessie does not appear in the new series Bunk'd?Luke
82%
What is allys bestfriends name?Trish
80%
what show does harley diaz star in?Stuck in the middle with you
68%
What is teddy from good luck charlies moms nameAmy
64%
What is the doormans Name from jessieTony
59%
What is ravens bestfriends name?Chelsea
48%
What is andi macks guy bestfriends name?Jonah
36%
What is Ravens Secret power?see the future
16%
what is the real name of DJ mastermind from BackstageKit
3%

Score Distribution

Percentile by Number Answered

Percent of People with Each Score

Your Score History

You have not taken this quiz